000 00378 a2200157 4500
001 47708
020 _a9780746064795
040 _cAnchieta - Aquarius
100 _aAllen, Francesca
240 1 0 _aUsborne look and say school
_leng
245 1 0 _aUsborne look and say school
300 _a10
362 0 _a2005
650 4 _aLiteratura infanto-juvenil em inglês
942 _cBK
999 _c47708
_d47708